Σάμερχιλ : το ελεύθερο σχολείο
Saved in:
| Main Author: | |
|---|---|
| Other Authors: | |
| Format: | Book |
| Language: | Greek English |
| Published: |
Αθήνα :
Καστανιώτης,
1978.
|
| Series: | Σύγχρονη παιδαγωγική βιβλιοθήκη ;
v.1 |
| Subjects: | |
| Tags: |
Add Tag
No Tags, Be the first to tag this record!
|
MARC
| LEADER | 00000cam a2200000 i 4500 | ||
|---|---|---|---|
| 001 | 1/21545 | ||
| 008 | 960711s1978 gr | ||| |||| ||gre|| | ||
| 035 | |a 1987 |c Αγορά |l 10036331 | ||
| 040 | |a GR-MY-UA |b gre |e aacr | ||
| 041 | 1 | |a gre |h eng | |
| 082 | 7 | |a 371.04 |2 (22) | |
| 100 | 1 | |a Neill, Alexander Sutherland, |d 1883-1973. | |
| 245 | 1 | 0 | |a Σάμερχιλ : |b το ελεύθερο σχολείο / |c Alexander S. Neill ; μετάφραση: Σωτήρης Τσάμης. |
| 260 | |a Αθήνα : |b Καστανιώτης, |c 1978. | ||
| 300 | |a 207 σ. ; |c 21 εκ. | ||
| 490 | 1 | |a (Σύγχρονη παιδαγωγική βιβλιοθήκη ; |v vol.1) | |
| 500 | |a Μετάφραση του: Talking of Summerhil. | ||
| 650 | 0 | 0 | |a Free schools |z Great Britain. |
| 650 | 0 | 0 | |a Education |z Great Britain |x Experimental methods. |
| 650 | 0 | 0 | |a Open plan schools |z Great Britain. |
| 650 | 0 | 0 | |a Student government. |
| 700 | 1 | |a Τσάμης, Σωτήρης, |e trl | |
| 830 | 0 | |a Σύγχρονη παιδαγωγική βιβλιοθήκη ; |v v.1 | |
| 852 | |a INST |b RHODES |e 19960711 |h 371.04 NEI |p 005400004207 |q 005400004207 |t BK |y 0 | ||
| 970 | |z 1996/07 | ||